000
00248nam a2200085 4500
999
_c
523835
_d
523835
082
_a
J7x54 In2
245
_a
SAAR: Smart cities and Academia towards action and Research
260
_a
New Delhi
_b
Ministry of Housing and Urban Affairs
300
_a
3 Parts